MESTSKÁ KNIŽNICA GIRALTOVCE  - online katalóg 

Pierre a Jean. Nedele Parížskeho meštiaka. Márna krása. Slečna Fifi (Record no. 12297)

000 -NÁVESTIE
fixed length control field 01044nam a2200277 a 4500
008 - ÚDAJE S PEVNOU DĹŽKOU – VŠEOBECNÉ INFORMÁCIE
fixed length control field 951121s1986||||[C 0 slo c
020 ## - MEDZINÁRODNÉ ŠTANDARDNÉ ČÍSLO KNIHY (ISBN)
Údaje o dostupnosti 38 Kčs.
Qualifying information (18500 výtl.)
040 ## - ZDROJ KATALOGIZÁCIE
Pôvodná katalogizujúca agentúra SNK
Jazyk katalogizácie slo
Prepisujúca agentúra SNK
Konvencie popisu AACR2
041 1# - KÓD JAZYKA
Kód jazyka textu/zvukovej stopy alebo samostatných nápisov slo
Kód jazyka originálu a/alebo sprostredkujúcich prekladov textu fre
044 ## - KÓD KRAJINY VYDAVATEĽA/PRODUCENTA
Kód krajiny MARC xo
Kód krajiny ISO SK
080 ## - ČÍSLO MEDZINÁRODNÉHO DESATINNÉHO TRIEDENIA (MDT)
Číslo Medzinárodného desatinného triedenia (MDT) 840-3(081)
100 1# - OSOBNÉ MENÁ – VŠEOBECNÉ INFORMÁCIE
Osobné meno Maupassant, Guy de
Kód roly aut
245 10 - NÁZOV
Názov Pierre a Jean. Nedele Parížskeho meštiaka. Márna krása. Slečna Fifi
Údaj o zodpovednosti atď. Guy de Maupassant ; Miroslava Bártová, Anton Vantuch, Alica Wursterová, Pavel Hrach, Ján Hladík, Anton Vantuch
Názov časti diela 2.DIEL
250 ## - ÚDAJ O PORADÍ VYDANIA
Údaj o poradí vydania 1., vyd.
260 ## - VYDAVATEĽSKÉ ÚDAJE, DISTRIBÚCIA ATĎ.
Miesto publikovania, distribúcie atď. Bratislava
Názov vydavateľa, distibútora atď. Tatran
Dátum publikovania, distribúcie atď. 1986
Miesto výroby Martin
Výrobca Tlačiarne SNP
300 ## - FYZICKÝ POPIS
Rozsah 235 s., 33,50 AH
Rozmery 20 cm
490 0# - EDÍCIA
Edícia Zlatý fond svetovej literatúry
Zväzok/sekvenčné označenie Zv. 79.
500 ## - VŠEOBECNÁ POZNÁMKA
Formátovaná poznámka o obsahu Séria: Guy de Maupassant. Zv. 2. Cena za 1.-3. zv. 115 Kčs. Rozlož. tit. list.
700 1# - PRIDANÝ VSTUP – OSOBNÉ MENO
Osobné meno Bártová, Miroslava
Kód roly trl
700 1# - PRIDANÝ VSTUP – OSOBNÉ MENO
Osobné meno Vantuch, Anton
Kód roly trl
700 1# - PRIDANÝ VSTUP – OSOBNÉ MENO
Osobné meno Wursterová, Alica
Kód roly trl
700 1# - PRIDANÝ VSTUP – OSOBNÉ MENO
Osobné meno Hrach, Pavel
Kód roly bkd
700 1# - PRIDANÝ VSTUP – OSOBNÉ MENO
Osobné meno Hladík, Ján
Kód roly bkd
700 1# - PRIDANÝ VSTUP – OSOBNÉ MENO
Osobné meno Vantuch, Anton
Kód roly oth
958 ## - Formálny deskriptor
Formálny deskriptor A
Holdings
Stav stiahnutia (Blokovanie) (Withrawn status) Stav straty Stav poškodenia (Damaged status) Nie pre výpožičky (Not for loan) Spôsob nadobudnutia (Collection code) Trvalé umiestnenie Aktuálne umiestnenie Dátum nadobudnutia Náklady, bežná kúpna cena Inventárne číslo (prírastkové číslo) Full call number Dátum posledného výskytu Cena s účinnosťou od Typ jednotky Koha
        Kúpa Mestská knižnica Giraltovce Mestská knižnica Giraltovce 2019-11-29 38.00 11590 B 5716 2019-11-29 2019-11-29 Krásna literatúra pre dospelých

Powered by Koha